书目信息 |
| 题名: |
《黄帝内经·素问》注评
|
|
| 作者: | ;中医研究院研究生班 编著 | |
| 分册: | ||
| 出版信息: | 北京 中国中医药出版社 2018.01 |
|
| 页数: | 636页 | |
| 开本: | 26cm | |
| 丛书名: | 中医经典注评丛书 | |
| 单 册: | ||
| 中图分类: | R221.1 | |
| 科图分类: | ||
| 主题词: | ||
| 电子资源: | ||
| ISBN: | 978-7-5132-4434-3 | |
| 000 | 00946oam2 2200265 450 | |
| 001 | 4679 | |
| 005 | 20181015085717.48 | |
| 010 | @a978-7-5132-4434-3@b精装@dCNY198.00 | |
| 100 | @a20180412d2018 em y0chiy50 ea | |
| 101 | 0 | @achi |
| 102 | @aCN@b110000 | |
| 105 | @ay z 000yy | |
| 200 | 1 | @a《黄帝内经·素问》注评@9《huang di nei jing · su wen》zhu ping@e典藏版@f中医研究院研究生班编著 |
| 205 | @a2版 | |
| 210 | @a北京@c中国中医药出版社@d2018.01 | |
| 215 | @a636页@d26cm | |
| 225 | 1 | @a中医经典注评丛书 |
| 330 | @a本书是由中医研究院研究生班学生集体编写的,对《黄帝内经》的《素问》在通读全文、提要钩玄的基础上,按照原文、注释、提要、讨论的体例进行整理性注评工作。 | |
| 461 | 0 | @12001 @a中医经典注评丛书 |
| 605 | @a《素问》@x注释 | |
| 605 | @a《素问》@x研究 | |
| 690 | @aR221.1@v5 | |
| 711 | 02 | @a中医研究院研究生班@9zhong yi yan jiu yuan yan jiu sheng ban@4编著 |
| 801 | 0 | @aCN@b91MARC@c20180412 |
| 905 | @aMuseLib@dR221.1@e469=2 | |
| 《黄帝内经·素问》注评:典藏版/中医研究院研究生班编著.-2版.-北京:中国中医药出版社,2018.01 |
| 636页;26cm.-(中医经典注评丛书) |
| ISBN 978-7-5132-4434-3(精装):CNY198.00 |
| 本书是由中医研究院研究生班学生集体编写的,对《黄帝内经》的《素问》在通读全文、提要钩玄的基础上,按照原文、注释、提要、讨论的体例进行整理性注评工作。 |
| ● |
| 相关链接 |
|
|
|
|
正题名:《黄帝内经·素问》注评
索取号:R221.1/469=2
 
预约/预借
| 序号 | 登录号 | 条形码 | 馆藏地/架位号 | 状态 | 备注 |
| 1 | 1126193 | 211261935 | 第二样本阅览室/ [索取号:R221.1/469=2] | 在馆 | |
| 2 | 1126194 | 211261944 | 密集书库-生命科学系/ [索取号:R221.1/469=2] | 在馆 |